<?xml version="1.0" encoding="UTF-8"?>
<record
    xmlns:xsi="http://www.w3.org/2001/XMLSchema-instance"
    xsi:schemaLocation="http://www.loc.gov/MARC21/slim http://www.loc.gov/standards/marcxml/schema/MARC21slim.xsd"
    xmlns="http://www.loc.gov/MARC21/slim">

  <leader>00469nam a2200169Ia 4500</leader>
  <controlfield tag="008">230917s9999||||xx |||||||||||||| ||und||</controlfield>
  <datafield tag="020" ind1=" " ind2=" ">
    <subfield code="c">RS1399</subfield>
  </datafield>
  <datafield tag="040" ind1=" " ind2=" ">
    <subfield code="e">247980</subfield>
    <subfield code="a">MAIN</subfield>
  </datafield>
  <datafield tag="041" ind1=" " ind2=" ">
    <subfield code="a">English</subfield>
  </datafield>
  <datafield tag="082" ind1=" " ind2=" ">
    <subfield code="a">621.31 B38H</subfield>
  </datafield>
  <datafield tag="100" ind1=" " ind2=" ">
    <subfield code="a">Beaty, H Wayne</subfield>
  </datafield>
  <datafield tag="245" ind1=" " ind2="0">
    <subfield code="a">Handbook electric power calculations</subfield>
  </datafield>
  <datafield tag="260" ind1=" " ind2=" ">
    <subfield code="a">Chennai</subfield>
    <subfield code="b">McGraw Hill Education(India)</subfield>
    <subfield code="c">2015</subfield>
  </datafield>
  <datafield tag="300" ind1=" " ind2=" ">
    <subfield code="a">xiii, 738 p.</subfield>
  </datafield>
  <datafield tag="500" ind1=" " ind2=" ">
    <subfield code="a">3149 04/06/2018 HBD18/7443 27/06/2018 UIET (SFS)</subfield>
  </datafield>
  <datafield tag="942" ind1=" " ind2=" ">
    <subfield code="c">BK</subfield>
  </datafield>
  <datafield tag="952" ind1=" " ind2=" ">
    <subfield code="0">0</subfield>
    <subfield code="1">0</subfield>
    <subfield code="4">0</subfield>
    <subfield code="6">621_310000000000000_B38H</subfield>
    <subfield code="7">0</subfield>
    <subfield code="9">49385</subfield>
    <subfield code="a">MAIN</subfield>
    <subfield code="b">MAIN</subfield>
    <subfield code="c">UIET</subfield>
    <subfield code="d">2018-07-19</subfield>
    <subfield code="g">1399.00</subfield>
    <subfield code="l">0</subfield>
    <subfield code="o">621.31 B38H</subfield>
    <subfield code="p">380438</subfield>
    <subfield code="r">2023-09-17 20:34:40</subfield>
    <subfield code="w">2023-09-17</subfield>
    <subfield code="y">BK</subfield>
  </datafield>
  <datafield tag="952" ind1=" " ind2=" ">
    <subfield code="0">0</subfield>
    <subfield code="1">0</subfield>
    <subfield code="4">0</subfield>
    <subfield code="6">621_310000000000000_B38H</subfield>
    <subfield code="7">0</subfield>
    <subfield code="9">49386</subfield>
    <subfield code="a">MAIN</subfield>
    <subfield code="b">MAIN</subfield>
    <subfield code="c">UIET</subfield>
    <subfield code="d">2018-07-19</subfield>
    <subfield code="g">1399.00</subfield>
    <subfield code="l">0</subfield>
    <subfield code="o">621.31 B38H</subfield>
    <subfield code="p">380439</subfield>
    <subfield code="r">2023-09-17 20:34:40</subfield>
    <subfield code="w">2023-09-17</subfield>
    <subfield code="y">BK</subfield>
  </datafield>
  <datafield tag="952" ind1=" " ind2=" ">
    <subfield code="0">0</subfield>
    <subfield code="1">0</subfield>
    <subfield code="4">0</subfield>
    <subfield code="6">621_310000000000000_B38H</subfield>
    <subfield code="7">0</subfield>
    <subfield code="9">49387</subfield>
    <subfield code="a">MAIN</subfield>
    <subfield code="b">MAIN</subfield>
    <subfield code="c">UIET</subfield>
    <subfield code="d">2018-07-19</subfield>
    <subfield code="g">1399.00</subfield>
    <subfield code="l">0</subfield>
    <subfield code="o">621.31 B38H</subfield>
    <subfield code="p">380440</subfield>
    <subfield code="r">2023-09-17 20:34:40</subfield>
    <subfield code="w">2023-09-17</subfield>
    <subfield code="y">BK</subfield>
  </datafield>
  <datafield tag="952" ind1=" " ind2=" ">
    <subfield code="0">0</subfield>
    <subfield code="1">0</subfield>
    <subfield code="4">0</subfield>
    <subfield code="6">621_310000000000000_B38H</subfield>
    <subfield code="7">0</subfield>
    <subfield code="9">49388</subfield>
    <subfield code="a">MAIN</subfield>
    <subfield code="b">MAIN</subfield>
    <subfield code="c">UIET</subfield>
    <subfield code="d">2018-07-19</subfield>
    <subfield code="g">1399.00</subfield>
    <subfield code="l">0</subfield>
    <subfield code="o">621.31 B38H</subfield>
    <subfield code="p">380441</subfield>
    <subfield code="r">2023-09-17 20:34:40</subfield>
    <subfield code="w">2023-09-17</subfield>
    <subfield code="y">BK</subfield>
  </datafield>
  <datafield tag="952" ind1=" " ind2=" ">
    <subfield code="0">0</subfield>
    <subfield code="1">0</subfield>
    <subfield code="4">0</subfield>
    <subfield code="6">621_310000000000000_B38H</subfield>
    <subfield code="7">0</subfield>
    <subfield code="9">49389</subfield>
    <subfield code="a">MAIN</subfield>
    <subfield code="b">MAIN</subfield>
    <subfield code="c">UIET</subfield>
    <subfield code="d">2018-07-19</subfield>
    <subfield code="g">1399.00</subfield>
    <subfield code="l">0</subfield>
    <subfield code="o">621.31 B38H</subfield>
    <subfield code="p">380442</subfield>
    <subfield code="r">2023-09-17 20:34:40</subfield>
    <subfield code="w">2023-09-17</subfield>
    <subfield code="y">BK</subfield>
  </datafield>
  <datafield tag="999" ind1=" " ind2=" ">
    <subfield code="c">27030</subfield>
    <subfield code="d">27030</subfield>
  </datafield>
</record>
